000 01119nam a2200313 i 4500
001 185059
003 SpMaBN
005 20250928112359.0
008 160314 1998 sp |||| | spa d
020 _a84-245-0476-3
080 _a78 Pink Floyd
080 _a78 Waters, Roger
110 2 _aPink Floyd (Grupo musical)
_9159061
245 1 0 _aCanciones /
_cPink Floyd ; [traducción de R. Luriano [i.e. Luliano], L. Cohen y R. Martínez Castellote].
250 _a5ª ed.
260 _aMadrid :
_bFundamentos,
_c1998.
300 _a101 p. ;
_c21 cm.
490 1 _aEspiral ;
_v106. Serie canciones
546 _aTextos en inglés y español.
594 _aEn p. 5: Roger Waters... autor de los mensajes de las canciones de Pink Floyd.
610 2 7 _aPink Floyd (Grupo musical)
_9159061
700 1 _aLuliano, R.
_9159063
700 1 _aCohen, Laura.
_9159064
700 1 _aMartínez Castellote, Rafael.
_9159066
700 1 _aWaters, Roger,
_d1944-
_9159062
830 0 _aEspiral ;
_v106. Serie canciones
_9178606
852 _aES-MaACL
_jL-30260
_z. - Donat. Miguel A. Velasco
999 _c185059
_d185059